000 00436cam a2200181ua 4500
020 _c2.75
041 _ahin
_h
082 _a891.54
_bMEE/SO
100 _aMeera Mahadevan, .
245 _aSo kya jane peer parai /
_cMeera Mahadevan.
_hTextual Documents
250 _a1 /
_b.
260 _aDelhi :
_bRajkamal Prakash ,
_c1960.
300 _a164 ; .
365 _a2.75
504 _a
942 _cBK
999 _c6444
_d6444